00813nam a2200205Ia 4500001001000000003000500010008004100015010001100056040000900067100003700076245021100113260003400324300001000358502008700368650002600455650002300481650002500504650002800529710005000557Para_9495CHAP220125s2008 xx 000 0 und d a208169 cCHAP aHernández Hernández, Belén aPotencial de Thiametoxan + Lambda cyhalotrina y Benzoato de emamectina para el control de gusano bellotero Heliothis virescens (F.) en algodonero en Janos, Chihuahua /c por Belén Hernández Hernández aChapingo, Méx. :b el autor a58 h. aTesis (M.C. en Protección Vegetal) UACh. Departamento Parasitología Agrícola aAlgodón x plagas  aControl químico  aHeliothis virescens  aInsecticidas x pruebas aUACh. Departamento Parasitología Agrícola